| 000 | 00450cam a22001934a 4500 | ||
|---|---|---|---|
| 005 | 20250826125622.0 | ||
| 008 | 250528s ||||||||||||||||||||||||d | ||
| 035 | _a22641 | ||
| 020 | _a9780133942484 | ||
| 040 |
_aGR-AtMCL _bgre _dGR-AtMCL _eAACR2 |
||
| 245 | 1 | _aCOMPUTER NETWORKS | |
| 250 | _a3 | ||
| 260 |
_bPrentice Hall, _c1996 |
||
| 300 | _a813 | ||
| 700 | 1 |
_aTanenbaum, Andrew S. _9838 |
|
| 942 | _cBK | ||
| 999 |
_c7689 _d7689 |
||